عصاميون : (Record no. 14661)
[ view plain ]
| 000 -الفاتح | |
|---|---|
| حقل البيانات ثابتة الطول | 00817nam a22001937a 4500 |
| 008 - عناصر البيانات ثابتة الطول - معلومات عامة | |
| حقل البيانات ثابتة الطول | 100815s1989 xxu||||| |||| 00| 0 ara d |
| 082 ## - رقم تصنيف ديوى العشرى | |
| رقم الطبعة | 22 |
| رقم التصنيف | 338.092 |
| رقم المادة | خ ش ر |
| 100 1# - المدخل الرئيسى - إسم شخصى | |
| 9 (RLIN) | 17488 |
| الإسم الشخصى | الخشرمي ، عبد الله |
| 245 ## - بيان العنوان | |
| العنوان | عصاميون : |
| بقية العنوان | قصص وتجارب رجال أعمال / |
| بيان المسئوليه,etc | عبد الله الخشرمي |
| 250 ## - بيان الطبعة | |
| بيان الطبعة | ط 2. |
| 260 ## - PUBLICATION, DISTRIBUTION, ETC. (IMPRINT) | |
| مكان الناشر او الموزع | [د.م] : |
| اسم الناشر او الموزع | المؤلف، 1989 |
| تاريخ النشر أو التوزيع | 1989. |
| 300 ## - الوصف المادى | |
| التعداد | 240 ص ؛ |
| تفاصيل ماديه اخرى للوعاء | صور : |
| أبعاد الوعاء | 24 سم. |
| 541 ## - تبصرة المصدر المباشر للتزويد | |
| مصدر التزويد | ألف باء ؛ |
| طريقة التزويد | شراء ؛ |
| 650 ## - المدخل الاضافى بالموضوع-مصطلح موضوعى | |
| 9 (RLIN) | 26963 |
| مصطلح موضوعي أو اسم جغرافي كعنصر مدخل | رجال الأعمال السعوديين |
| 650 ## - المدخل الاضافى بالموضوع-مصطلح موضوعى | |
| 9 (RLIN) | 17490 |
| مصطلح موضوعي أو اسم جغرافي كعنصر مدخل | الاقتصاديون |
| 653 ## - مصطلح تكشيفى غير مقيد | |
| Resource For college | |
| 942 ## - عناصر المدخل الإضافي( كوها) | |
| مصدر التصنيف او مخطط الترفيف | Dewey Decimal Classification |
| Koha [default] item type | Book - Borrowing |
| حالة التراجع | حالة الفقد | مصدر التصنيف او خطة الترفيف | حالة تلف | ليس للاعارة | مجموعات كوها | المكان الدائم | المكان الحالي | موقع الترفيف | تاريخ الاكتساب | Source of acquisition | رقم الاستدعاء | الباركود | Date last seen | نوع الوعاء |
|---|---|---|---|---|---|---|---|---|---|---|---|---|---|---|
| Dewey Decimal Classification | Alef-Baa | Central Library | Central Library | First floor | 15/08/2010 | 338.092 خ ش ر | 000021680 | 15/07/2025 | Book - Borrowing |